| 000 | 01185nam a2200313 i 4500 | ||
|---|---|---|---|
| 003 | EG-GICUC | ||
| 005 | 20260327173306.0 | ||
| 008 | 260117s2002 ua |||fr|||| 00| 0 ara d | ||
| 040 |
_a EG-GICUC _bara _c EG-GICUC _d EG-GICUC _erda |
||
| 041 | 0 | _aAra | |
| 082 | 0 | 4 |
_221 _a343.6 _bم ح . ع |
| 092 | 0 | 4 | _221 |
| 099 | _aLaw1 10 343.6 م ح . ع 2002 | ||
| 100 | 0 |
_aمحمد ذكى أبو عامر _eمؤلف. |
|
| 245 | 1 | 0 |
_aعلم الإجرام وعلم العقاب / _cتأليف دكتور محمد ذكى أبو عامر، فتوح عبدالله الشاذلى. |
| 264 | 3 |
_aالإسكندرية : _bدار المطبوعات الجامعية، _c2002. |
|
| 300 |
_a320 صفحة؛ _c24 سم. |
||
| 336 |
_2rda content _atext |
||
| 337 |
_2rda media _aComputer |
||
| 338 |
_2rda carrier _aOnline Resource |
||
| 546 | _aالنص باللغة العربية | ||
| 650 | 1 |
_aعلم الإجرام _2qrmak |
|
| 650 | 1 |
_aالقانون الجنائى _2qrmak |
|
| 651 | 1 | _2qrmak | |
| 700 |
_aفتوح عبدالله الشاذلى _eمؤلف مشارك. |
||
| 856 | 4 | 0 | _uhttps://fll.law.cu.edu.eg/fulltext/bks/B10-07904.pdf |
| 905 |
_a54 _eYara |
||
| 942 |
_2ddc _cBK _e21 _n0 |
||
| 999 |
_c57360 _d57360 |
||